[Event "Villa Maria qual 4th"]
[Site "Villa Maria"]
[Date "2017.??.??"]
[Round "4.3"]
[White "Paris, Valentin"]
[Black "Bueno, Carlos"]
[Result "1-0"]
[WhiteElo "1682"]
[BlackElo "1330"]
[PlyCount "57"]
[EventDate "2017.08.08"]
[EventType "swiss (rapid)"]
[EventRounds "6"]
[EventCountry "ARG"]
[SourceTitle "EXT 2024"]
[Source "ChessBase"]
[SourceDate "2023.10.10"]
[SourceVersion "1"]
[SourceVersionDate "2023.10.10"]
[SourceQuality "1"]

1. d4 d5 2. c4 c6 3. Nf3 Nf6 4. Bf4 Bf5 5. Nc3 h6 6. e3 e6 7. Qb3 Qb6 8. Qxb6 axb6 9. Be2 Bb4 10. 0-0 Bxc3 11. bxc3 Ne4 12. Rfc1 0-0 13. Bc7 Ra3 14. cxd5 Nxc3 15. Bf1 Nxd5 16. Bd6 Ra5 17. Bxf8 Kxf8 18. Nd2 Nb4 19. e4 Bg6 20. a3 N4a6 21. Be2 b5 22. f3 Nd7 23. a4 Nc7 24. axb5 Rxa1 25. Rxa1 Nxb5 26. Bxb5 cxb5 27. Rb1 f6 28. Rxb5 b6 29. Nc4 1-0

[Event "San Francisco-ch 72th"]
[Site "San Francisco"]
[Date "2016.11.28"]
[Round "6.4"]
[White "Paris, Valentin"]
[Black "Benzaquin, Lucas"]
[Result "1/2-1/2"]
[WhiteElo "1911"]
[BlackElo "1712"]
[PlyCount "73"]
[EventDate "2016.11.26"]
[EventType "swiss"]
[EventRounds "6"]
[EventCountry "ARG"]
[SourceTitle "EXT 2024"]
[Source "ChessBase"]
[SourceDate "2023.10.10"]
[SourceVersion "1"]
[SourceVersionDate "2023.10.10"]
[SourceQuality "1"]

1. d4 d6 2. e4 Nf6 3. f3 g6 4. Nc3 Bg7 5. Be3 Nbd7 6. Qd2 c5 7. dxc5 dxc5 8. 0-0-0 Qc7 9. Bh6 0-0 10. Bxg7 Kxg7 11. Nge2 a6 12. Nf4 Qa5 13. Kb1 b5 14. Ncd5 Qxd2 15. Rxd2 e5 16. Nxf6 Nxf6 17. Nd5 Be6 18. Nc7 Rad8 19. Rxd8 Rxd8 20. Nxe6+ fxe6 21. Kc1 Rd4 22. c3 Rd6 23. Kc2 Kf7 24. Be2 Ke7 25. Ra1 Nd7 26. Rd1 c4 27. Rxd6 Kxd6 28. g3 g5 29. b3 cxb3+ 30. axb3 Kc5 31. h4 h6 32. Bf1 gxh4 33. gxh4 h5 34. b4+ Kc6 35. c4 Nf8 36. cxb5+ axb5 37. Bh3 1/2-1/2

[Event "San Francisco-ch 72th"]
[Site "San Francisco"]
[Date "2016.11.27"]
[Round "3.6"]
[White "Paris, Valentin"]
[Black "Arnoletto, Stefano"]
[Result "1-0"]
[WhiteElo "1911"]
[BlackElo "1438"]
[PlyCount "77"]
[EventDate "2016.11.26"]
[EventType "swiss"]
[EventRounds "6"]
[EventCountry "ARG"]
[SourceTitle "EXT 2024"]
[Source "ChessBase"]
[SourceDate "2023.10.10"]
[SourceVersion "1"]
[SourceVersionDate "2023.10.10"]
[SourceQuality "1"]

1. d4 d5 2. Nf3 Nf6 3. Bf4 Bf5 4. g3 e6 5. Bg2 h6 6. 0-0 Nh5 7. Bc1 Bd6 8. Nbd2 0-0 9. c4 Nd7 10. Ne1 Nhf6 11. c5 Be7 12. Nef3 c6 13. a3 a5 14. Qa4 Qc7 15. b4 axb4 16. Qxb4 e5 17. Nb3 Bc2 18. Nxe5 Nxe5 19. dxe5 Qxe5 20. Bf4 Qb2 21. Na5 Qxb4 22. axb4 Ra6 23. Nxb7 Rfa8 24. Rxa6 Rxa6 25. Rc1 Bh7 26. Bh3 Ra4 27. b5 cxb5 28. c6 Ne8 29. c7 Nxc7 30. Rxc7 Ra1+ 31. Kg2 Bf8 32. Rc8 f6 33. Bd6 Kf7 34. Rxf8+ Kg6 35. Be6 d4 36. g4 Kg5 37. h4+ Kxh4 38. Bg3+ Kg5 39. f4+ 1-0

[Event "San Francisco-ch 72th"]
[Site "San Francisco"]
[Date "2016.11.26"]
[Round "1.5"]
[White "Paris, Valentin"]
[Black "Chen, Facundo"]
[Result "1/2-1/2"]
[WhiteElo "1911"]
[BlackElo "1608"]
[PlyCount "90"]
[EventDate "2016.11.26"]
[EventType "swiss"]
[EventRounds "6"]
[EventCountry "ARG"]
[SourceTitle "EXT 2024"]
[Source "ChessBase"]
[SourceDate "2023.10.10"]
[SourceVersion "1"]
[SourceVersionDate "2023.10.10"]
[SourceQuality "1"]

1. d4 g6 2. c4 Bg7 3. Nf3 d6 4. Bg5 h6 5. Bh4 c5 6. Nc3 Qa5 7. e3 Nc6 8. Be2 f5 9. Bg3 g5 10. 0-0 g4 11. Nd2 h5 12. Nb3 Qb6 13. dxc5 dxc5 14. Nd5 h4 15. Nxb6 hxg3 16. Nxc8 gxh2+ 17. Kh1 Rxc8 18. Bxg4 Rd8 19. Bh5+ Kf8 20. Qf3 Nf6 21. Qxf5 Rxh5 22. Qf3 Ne5 23. Qxb7 Neg4 24. Qc7 Rd6 25. g3 Kf7 26. Kg2 Ne4 27. Rae1 Be5 28. Qc8 Ngxf2 29. Rxf2+ Nxf2 30. Kxf2 h1Q 31. Rxh1 Rxh1 32. Kg2 Rh5 33. Nxc5 Bxb2 34. g4 Re5 35. Ne4 Rde6 36. Nc5 Rd6 37. Nd7 Rg5 38. Kf3 Rdg6 39. Qb8 Bg7 40. Qxa7 Rxg4 41. Qc7 Rg1 42. Ne5+ Bxe5 43. Qxe5 Rf6+ 44. Ke2 Rg2+ 45. Kd3 Rxa2 1/2-1/2